000 00727nam a2200289Ia 4500
005 20260324150121.0
008 008 260324s9999 xx 000 0 eng d
020 _a9781003424208
037 _aEBOOK
040 _aCRL
040 _beng
040 _cCRL
041 _2eng
041 _aeng
084 _qCRL
100 _aGordon Wills; David Midgley; Martin Christopher; Roy Hayhurst
_91225316
245 0 _aFashion Marketing
245 3 _ban anthology of viewpoints and perspectives
260 _bTaylor and Francis
260 _c1973
365 _a
365 _b205
856 _uhttp://www.taylorfrancis.com/books/9781003424208
942 _cEBOOK
999 _c1834234
_d1834234